Famous landmarks - Statistics

General Stats
  • This quiz has been taken 23 times
  • The average score is 12 of 16
Answer Stats
Picture Answer % Correct
Eiffel Tower
100%
Big Ben
95%
Leaning Tower of Pisa
95%
Statue of Liberty
95%
Great Wall
90%
Stonehenge
90%
Taj Mahal
90%
Colosseum
86%
Sydney Opera House
81%
Machu Picchu
76%
Burj Khalifa
71%
Empire State Building
71%
Pyramids of Giza
71%
Brandenburg Gate
52%
Burj Al Arab
33%
Louvre Museum
33%
No matching quizzes found
Score Distribution
Percent of People with Each Score
Percentile by Number Answered
Your Score History
You have not taken this quiz